000 00431nam a22001697a 4500
003 OSt
005 20220110160427.0
008 220110b |||||||| |||| 00| 0 eng d
020 _a9780262017626
040 _cHU
082 _a303.61
100 _aBock G. Joseph
_927477
245 _aThe Technology Of Nonviolence : social media And Violence Prevention
260 _aLondon
_bEngland
300 _f288
942 _2ddc
_cBOOKS
_n0
999 _c26374
_d26374